Cloning of a gene that regulates the expression of the TPD associated gene HBMYB1 by yeast one hybrid (Record no. 55785)

MARC details
000 -LEADER
fixed length control field 01585nam a2200169Ia 4500
100 ## - MAIN ENTRY--AUTHOR NAME
Personal name Yunxia Zhang
245 #0 - TITLE STATEMENT
Title Cloning of a gene that regulates the expression of the TPD associated gene HBMYB1 by yeast one hybrid
260 ## - PUBLICATION, DISTRIBUTION, ETC. (IMPRINT)
Name of publisher Proceedings of IRRDB Conference: NR Industry: Responding to Globalization, 7-8 September 2004, Kunming International Convention & Exhibition Center, China. pp.422-426.
520 ## - SUMMARY, ETC.
Summary, etc Tapping panel dryness of rubber tree is a complex physiological discorder in the bark widly found in rubber plantations an causes severe yield losses. The mechanism underlying TPD is still unknown and no effective prevention or treatment is found presently. To characterize the molecular mechanism of TPD, we isolatex and characterized genes associated with TPD. Our previous study had found a Myb transcription factor HbMyb1 whose expression is significantly decreased in the barks of TPD trees. We report here the identification and characterization of the genes that regulate HbMyb1. Based on the previous study, we isolated the promoter of HbMyb1 as the bait, and clones a cDNA fragments by year one-hybrid named Hb2,. The Hb2 had two homology in the GENBANK. but not the same as any of them. No information of the function of the homology was known. We deduce that Hb2 may be a new type gene that act as a role not been known presently.
650 ## - SUBJECT ADDED ENTRY--TOPICAL TERM
Topical Term Hevea brasiliensis
650 ## - SUBJECT ADDED ENTRY--TOPICAL TERM
Topical Term Tapping panel dryness(TPD)
650 ## - SUBJECT ADDED ENTRY--TOPICAL TERM
Topical Term Yeast one hybrid
700 ## - ADDED ENTRY--PERSONAL NAME
Personal name Shiqing Peng
700 ## - ADDED ENTRY--PERSONAL NAME
Personal name Shoucai Chen
942 ## - ADDED ENTRY ELEMENTS (KOHA)
Koha item type Journals
Holdings
Withdrawn status Lost status Damaged status Not for loan Home library Current library Shelving location Date acquired Koha item type
      Journals RRII Library RRII Library Physiology 17/12/2021 Journals